000 01291nam a22003137a 4500
999 _c22681
_d22681
003 AR-CdUCM
008 201015b ||||| |||| 00| 0 spa d
020 _a9786124375156
040 _aMUNICIPALIDAD PROVINCIAL DEL CUSCO
_cBIBLIOTECA MUNICIPAL DEL CUSCO
082 _a985.019/Q5Q
_bQ5Q
245 _aQhapaq Ñan :
_bSistema vial andino /
_cMinisterio de Cultura Perú.
260 _aLima ;
_bDirección Desconcentrada de Cultura de Cusco,
_c2020.
300 _a247 páginas. :
_bilustraciones en color ;
_c28 cm.
505 _aContenido: Tawantinsuyu o imperio Inca. -- El Qhapaq Ñan. -- Historia de la investigación del Qhapaq Ñan en relación con fuentes de investigación.
650 _aRed de caminos
_945529
650 _aCarreteras rurales
_945530
650 _aVida y costumbres sociales
_9857
650 _aCaminos Inka
_945531
650 _aQhapaq Ñan
_945532
650 _aInkas
_91899
700 _aLumbreras, Luis Guillermo
_9988
700 _aTarragó, Myriam
_948864
700 _aCastro, Victoria
_93212
710 _aMinisterio de Cultura Perú
_948332
710 _aProyecto Qhapaq Ñan
_945535
856 _uhttps://qhapaqnan.cultura.pe/sites/default/files/mi/archivo/QHAPAQNANSISTEMAVIALANDINO.pdf
_zLeer en digital
942 _2ddc
_cLIBROS
945 _aRoel